000
00232nam a2200109 4500
001
3565
090
_a
3565
100
_a
20190723b u||y0fre||u0ba y50
200
_a
La Servette
_b
Périodique
210
_a
Genève
801
_a
CH
_b
CH-002049-8
955
_r
pas daté